[Event "Bergen Grand Prix B"]
[Site "Bergen"]
[Date "2008.11.30"]
[Round "4"]
[White "Brix, Jan"]
[Black "Hus, Svein Atle"]
[Result "1-0"]
[WhiteElo "1434"]
[BlackElo "1234"]
[PlyCount "47"]
[EventDate "2008.11.28"]
[EventType "swiss"]
[EventRounds "5"]
[EventCountry "NOR"]
[SourceTitle "EXT 2024"]
[Source "ChessBase"]
[SourceDate "2023.10.10"]
[SourceVersion "1"]
[SourceVersionDate "2023.10.10"]
[SourceQuality "1"]

1. d4 d5 2. c4 c6 3. Nc3 Nf6 4. Nf3 e6 5. e3 Nbd7 6. Bd3 dxc4 7. Bxc4 b5 8. Bd3 Be7 9. 0-0 0-0 10. a3 Bb7 11. Qc2 a6 12. b4 a5 13. bxa5 Rxa5 14. Bb2 Qa8 15. Ne5 Bxa3 16. Nxd7 Nxd7 17. Bxh7+ Kh8 18. Bd3 b4 19. Ne4 c5 20. f3 cxd4 21. Bxd4 Ba6 22. Bxa6 Qxa6 23. Qc7 Qc8 24. Qxa5 1-0

[Event "Bergen Grand Prix B"]
[Site "Bergen"]
[Date "2008.11.29"]
[Round "3"]
[White "Hus, Svein Atle"]
[Black "Jacobsen, Fredrik Beer"]
[Result "1-0"]
[WhiteElo "1234"]
[BlackElo "1297"]
[PlyCount "131"]
[EventDate "2008.11.28"]
[EventType "swiss"]
[EventRounds "5"]
[EventCountry "NOR"]
[SourceTitle "EXT 2024"]
[Source "ChessBase"]
[SourceDate "2023.10.10"]
[SourceVersion "1"]
[SourceVersionDate "2023.10.10"]
[SourceQuality "1"]

1. e4 e5 2. Nf3 Nc6 3. Bc4 Bc5 4. d3 Nf6 5. 0-0 d6 6. Be3 Bb6 7. Nbd2 Bg4 8. c3 Qd7 9. Bb5 Bxe3 10. fxe3 a6 11. Ba4 b5 12. Bb3 d5 13. exd5 Nxd5 14. Bxd5 Qxd5 15. Ne4 f5 16. Nf2 Bxf3 17. Qxf3 Qxf3 18. gxf3 0-0-0 19. d4 Rhe8 20. Rae1 Rd6 21. Nd3 a5 22. Nc5 b4 23. Kf2 g5 24. Rd1 Red8 25. Rg1 h6 26. h4 gxh4 27. Rh1 Rg8 28. Rxh4 Rdg6 29. Rh2 exd4 30. cxd4 Ne7 31. Nd3 Rc6 32. Rc1 Rgg6 33. Rxc6 Rxc6 34. Nc5 Rf6 35. Nb3 a4 36. Nc5 a3 37. b3 c6 38. Kg3 Nd5 39. e4 fxe4 40. fxe4 Nc3 41. e5 Rg6+ 42. Kf3 Kd8 43. Na6 Nd5 44. Nc5 Ke7 45. Ne4 Kf7 46. Nd6+ Kg7 47. Rc2 Nc3 48. Ne4 Nxe4 49. Kxe4 h5 50. Kf5 Rh6 51. e6 h4 52. Rxc6 h3 53. Rc1 Rf6+ 54. Ke5 h2 55. Rh1 Rf2 56. Kd6 Rxa2 57. e7 Re2 58. Kd7 Kf6 59. e8Q Rxe8 60. Kxe8 a2 61. Kd7 Kf5 62. Kc6 Kf4 63. d5 Kf3 64. Ra1 Ke3 65. d6 Kd3 66. d7 1-0